| 000 | 00400nam a2200145Ia 4500 | ||
|---|---|---|---|
| 008 | 231129s2007||||xx |||||||||||||| ||spa|| | ||
| 020 | _a958-9482-06-6 | ||
| 040 | _bspa | ||
| 082 | _a370.17 / C829m | ||
| 100 | _aCortina Adela | ||
| 245 | 0 | _aEl mundo de los valores "Ética mínima" y educación | |
| 260 | _c2007 | ||
| 264 | _aEl búho | ||
| 942 |
_2ddc _cBKS |
||
| 999 |
_c11791 _d11791 |
||